| 000 | 00557nam a2200181 i 4500 | ||
|---|---|---|---|
| 001 | 21709 | ||
| 003 | ES-MaACL | ||
| 005 | 20230906152529.0 | ||
| 007 | t| | ||
| 008 | 021127s1974 sp ||||1| spa d | ||
| 100 | 1 |
_aAlburquerque Pérez, Antonio. _919435 |
|
| 245 | 1 | 0 |
_aOrellana al marjen [sic] de la corriente / _cAntonio Alburquerque Pérez. |
| 260 |
_aMadrid : _bAntonio Alburquerque Pérez, _c1974. |
||
| 300 |
_a131 fol. : _bil. ; _c29 cm. |
||
| 597 | _aEjemplar multicop. | ||
| 600 | 1 | 4 |
_aOrellana, Francisco de. _987225 |
| 852 | 4 |
_aES-MaACL _jE-9076 |
|
| 999 |
_c21709 _d21709 |
||